| 000 | 01285cam a2200397 4500 | ||
|---|---|---|---|
| 999 |
_c23250 _d23250 |
||
| 001 | vtls011750809 | ||
| 005 | 20220428130852.0 | ||
| 008 | 200316s2018 xo gr 010 fdslo | ||
| 020 |
_a9788022020220 _q(viazané) |
||
| 035 | _aurn:nbn:sk:snk-am00dgma | ||
| 035 | _aurn:nbn:sk:snk-am3i1m9 | ||
| 035 | _aAE4185E0-61CF-460F-8226-2AF394D3BA40 | ||
| 040 |
_aSVKBB _bslo _cSVKBB _dSNK _erda |
||
| 041 | 0 | _aslo | |
| 044 |
_axo _cSK |
||
| 072 | 7 |
_a821.162.4-3 _xSlovenská próza _2konspekt |
|
| 080 |
_a821.162.4-31 _22011 |
||
| 080 |
_a(0:82-311.6) _22011 |
||
| 080 |
_a(0:82-312.5) _22011 |
||
| 100 | 1 |
_aBrestenská, Kristína _4aut _93069 |
|
| 245 | 1 | 0 |
_aGrófov syn _cKristína Brestenská |
| 264 | 1 |
_aBratislava _bSlovenský spisovateľ, a.s. _c2018 |
|
| 300 |
_a343 strán _c21 cm |
||
| 336 |
_atext _btxt _2rdacontent |
||
| 337 |
_abez média _bn _2rdamedia |
||
| 338 |
_azväzok _bnc _2rdacarrier |
||
| 500 | _aObsahuje biografické informácie o autorke | ||
| 655 | 7 |
_aslovenské romány _2SNKPH _91694 |
|
| 655 | 7 |
_aSlovak fiction _2SNKPHeng _91695 |
|
| 655 | 7 |
_ahistorické romány _2SNKPH _91688 |
|
| 655 | 7 |
_aHistorical novels _2SNKPHeng _91689 |
|
| 655 | 7 |
_aľúbostné romány _2SNKPH _913 |
|
| 655 | 7 |
_aLove novels _2SNKPHeng _91667 |
|
| 958 | _aBX | ||
| 958 | _aLX | ||